Selecting Suitable Building Savings for the Client in the Czech Republic Using a Multi-criteria Evaluation Procedure

Rastúca popularita stavebného sporenia. Výber vhodného stavebného sporenia, ktoré je najvhodnejšie pre potreby zákazníka. Návrh komplexného užívateľskeho prívetivého multikriteriálneho postupu hodnotenia. Aplikačná sila navrhovaného konceptu ilustrovaná pomocou skutočných situácií, ktoré môžu nastať...

Descripción completa

Guardado en:
Detalles Bibliográficos
Autor principal: Borovička, Adam
Formato: Capítulo de libro
Lenguaje:inglés
Materias:
Etiquetas: Agregar Etiqueta
Sin Etiquetas, Sea el primero en etiquetar este registro!

MARC

LEADER 00000naa a2200000 4500
001 0273003
005 20210413120648.4
041 0 |a eng 
044 |a SK 
245 1 0 |a Selecting Suitable Building Savings for the Client in the Czech Republic Using a Multi-criteria Evaluation Procedure  |c Adam Borovička 
520 |a Rastúca popularita stavebného sporenia. Výber vhodného stavebného sporenia, ktoré je najvhodnejšie pre potreby zákazníka. Návrh komplexného užívateľskeho prívetivého multikriteriálneho postupu hodnotenia. Aplikačná sila navrhovaného konceptu ilustrovaná pomocou skutočných situácií, ktoré môžu nastať na českom trhu. Dva najbežnejšie typy klientov (primárne zamerané na vrátenie vkladu a získanie pôžičky). 
610 2 0 |a sporenie stavebné 
610 2 0 |a Česko 
610 2 0 |a kritériá rozhodovania 
610 2 0 |a klienti 
610 2 0 |a účty bankové 
100 1 |a Borovička, Adam